Online
Catalog

Kitab al-muhadara Wal-Mudakara / (Record no. 38868)

MARC details
000 -CABECERA
campo de control de longitud fija 00812nam a2200217 a 4500
001 - NÚMERO DE CONTROL
campo de control 000039378
005 - FECHA Y HORA DE LA ÚLTIMA TRANSACCIÓN
campo de control 20201002031624.0
008 - DATOS DE LONGITUD FIJA--INFORMACIÓN GENERAL
campo de control de longitud fija 130625s1985 sp 000 0 spa d
020 ## - NÚMERO INTERNACIONAL ESTÁNDAR DEL LIBRO
Número Internacional Estándar del Libro 8400060067
040 ## - FUENTE DE LA CATALOGACIÓN
Centro catalogador/agencia de origen DO-SdBNP
Lengua de catalogación spa
Centro/agencia transcriptor BNPHU
100 1# - ENTRADA PRINCIPAL--NOMBRE DE PERSONA
Nombre de persona aIbn Ezra,
9 (RLIN) 65583
240 10 - TÍTULO UNIFORME
Título uniforme Muòh¯aòdarah wa-al-mudh¯akarah.
Lenguaje de la obra Spanish & Arabic
245 10 - MENCIÓN DE TÍTULO
Título Kitab al-muhadara Wal-Mudakara /
Mención de responsabilidad, etc. aIbn Ezra ; edición Montserrat Abumalhan Mas.
260 ## - PUBLICACIÓN, DISTRIBUCIÓN, ETC.
Lugar de publicación, distribución, etc. Madrid :
Nombre del editor, distribuidor, etc. Consejo Superior de Investigaciones Científicas,
Fecha de publicación, distribución, etc. 1985.
300 ## - DESCRIPCIÓN FÍSICA
Extensión v. ;
Dimensiones 23 cm.
490 1# - MENCIÓN DE SERIE
Mención de serie Literatura hispano-hebrea
Designación de volumen o secuencia 3
500 ## - NOTA GENERAL
Nota general La biblioteca posee el v. 1-2
700 1# - PUNTO DE ACCESO ADICIONAL--NOMBRE DE PERSONA
Nombre de persona Abumalhan Mas, Montserrat
9 (RLIN) 65584
710 2# - PUNTO DE ACCESO ADICIONAL--NOMBRE DE ENTIDAD CORPORATIVA
Nombre de entidad corporativa o nombre de jurisdicción como elemento de entrada Consejo Superior de Investigaciones Científicas (España)
9 (RLIN) 15178
830 #0 - PUNTO DE ACCESO ADICIONAL DE SERIE-TÍTULO UNIFORME
Título uniforme Literatura hispano-hebrea
Designación de volumen o secuencia 3-4
9 (RLIN) 65406
Holdings
Estado de retiro Estado de pérdida Restricciones de uso No para préstamo Código de colección Localización permanente Ubicación/localización actual Ubicación en estantería Fecha de adquisición Número de inventario Total de préstamos Signatura topográfica completa Código de barras Fecha visto por última vez Precio válido a partir de Tipo de ítem Koha
      Excluido de préstamo Monografías: Libros y Folletos General General En catalogación 25.06.2013 LF1   v. 1 39378-10 25.06.2020 25.06.2020 No se presta
      Excluido de préstamo Monografías: Libros y Folletos General General En catalogación 21.11.2013 LF1   v. 2 39378-20 25.06.2020 25.06.2020 No se presta

Powered by Koha